Normal view MARC view
  • Shreya Manekar - 2k161150; Prof.Archana Tatkar - Guide & Tata Motors

Entry Personal Name

Number of records used in: 1

001 - CONTROL NUMBER

  • control field: 105102

003 - CONTROL NUMBER IDENTIFIER

  • control field: OSt

005 - DATE AND TIME OF LATEST TRANSACTION

  • control field: 20221007221541.0

008 - FIXED-LENGTH DATA ELEMENTS

  • fixed length control field: 221007|| aca||aabn | a|a d

040 ## - CATALOGING SOURCE

  • Original cataloging agency: OSt
  • Transcribing agency: OSt

100 ## - HEADING--PERSONAL NAME

  • Personal name: Shreya Manekar - 2k161150; Prof.Archana Tatkar - Guide & Tata Motors

670 ## - SOURCE DATA FOUND

  • Source citation: Work cat.: (OSt)80002: Shreya Manekar - 2k161150; Prof.Archana Tatkar - Guide & Tata Motors, Effectiveness Of Small Group Or Team Activities Practiced In Tata Motors, 2016